[Event "ODJM B 2023"]
[Site "Willingen GER"]
[Date "2023.06.01"]
[Round "7"]
[White "Schächtelin, Jakob"]
[Black "Andresen, Eric"]
[Result "0-1"]
[Termination "normal"]
[Board "22"]
[WhiteElo "1468"]
[BlackElo "1526"]
[WhiteClock "01:20:56"]
[BlackClock "00:50:48"]
[PlyCount "104"]
[WhiteFideId "34620834"]
[BlackFideId "34641360"]
[EventCountry "GER"]
[EventRounds "9"]
[EventType "swiss"]
[EventDate "2023.05.27"]

1. e4 {[%clk 01:30:59]} e5 {[%clk 01:30:55]} {[%emt 00:00:06]} 2. Nf3 {[%clk
01:31:26]} {[%emt 00:00:03]} Nc6 {[%clk 01:31:22]} {[%emt 00:00:03]} 3. Bc4
{[%clk 01:31:53]} {[%emt 00:00:03]} Nf6 {[%clk 01:31:42]} {[%emt 00:00:10]} 4.
d4 {[%clk 01:32:20]} {[%emt 00:00:03]} exd4 {[%clk 01:31:58]} {[%emt 00:00:15]}
5. O-O {[%clk 01:32:45]} {[%emt 00:00:04]} Nxe4 {[%clk 01:32:04]} {[%emt
00:00:25]} 6. Re1 {[%clk 01:33:11]} {[%emt 00:00:04]} d5 {[%clk 01:32:29]}
{[%emt 00:00:04]} 7. Bxd5 {[%clk 01:33:38]} {[%emt 00:00:03]} Qxd5 {[%clk
01:32:51]} {[%emt 00:00:08]} 8. Nc3 {[%clk 01:34:05]} {[%emt 00:00:03]} Qh5
{[%clk 01:32:29]} {[%emt 00:00:52]} 9. Nxe4 {[%clk 01:34:02]} {[%emt 00:00:33]}
Be6 {[%clk 01:30:30]} {[%emt 00:02:30]} 10. Neg5 {[%clk 01:33:03]} {[%emt
00:01:27]} O-O-O {[%clk 01:27:59]} {[%emt 00:03:02]} 11. Nxe6 {[%clk 01:32:46]}
{[%emt 00:00:47]} fxe6 {[%clk 01:28:27]} {[%emt 00:00:01]} 12. Rxe6 {[%clk
01:32:55]} {[%emt 00:00:22]} Bd6 {[%clk 01:28:48]} {[%emt 00:00:09]} 13. h3
{[%clk 01:31:43]} {[%emt 00:01:41]} Rhe8 {[%clk 01:16:37]} {[%emt 00:12:42]}
14. Rxe8 {[%clk 01:29:51]} {[%emt 00:02:21]} Rxe8 {[%clk 01:16:32]} {[%emt
00:00:36]} 15. Qd3 {[%clk 01:29:04]} {[%emt 00:01:17]} Ne5 {[%clk 01:11:22]}
{[%emt 00:05:41]} 16. Nxe5 {[%clk 01:27:49]} {[%emt 00:01:44]} Qxe5 {[%clk
01:11:25]} {[%emt 00:00:27]} 17. g3 {[%clk 01:28:04]} {[%emt 00:00:14]} Qe1+
{[%clk 01:02:53]} {[%emt 00:09:02]} 18. Qf1 {[%clk 01:26:03]} {[%emt 00:02:31]}
Bxg3 {[%clk 01:00:10]} {[%emt 00:03:14]} 19. Be3 {[%clk 01:22:40]} {[%emt
00:03:53]} dxe3 {[%clk 00:50:10]} {[%emt 00:10:30]} 20. fxg3 {[%clk 01:19:54]}
{[%emt 00:03:16]} Qxg3+ {[%clk 00:49:50]} {[%emt 00:00:50]} 21. Qg2 {[%clk
01:19:56]} {[%emt 00:00:27]} Qxg2+ {[%clk 00:49:13]} {[%emt 00:01:07]} 22. Kxg2
{[%clk 01:20:22]} {[%emt 00:00:04]} e2 {[%clk 00:48:52]} {[%emt 00:00:52]} 23.
Re1 {[%clk 01:20:48]} {[%emt 00:00:04]} g5 {[%clk 00:48:49]} {[%emt 00:00:33]}
24. Kf2 {[%clk 01:21:14]} {[%emt 00:00:04]} Kd7 {[%clk 00:49:06]} {[%emt
00:00:13]} 25. Rxe2 {[%clk 01:21:40]} {[%emt 00:00:04]} Rxe2+ {[%clk 00:49:30]}
{[%emt 00:00:06]} 26. Kxe2 {[%clk 01:22:07]} {[%emt 00:00:03]} Ke6 {[%clk
00:49:51]} {[%emt 00:00:09]} 27. Ke3 {[%clk 01:22:29]} {[%emt 00:00:08]} c5
{[%clk 00:49:46]} {[%emt 00:00:36]} 28. Ke4 {[%clk 01:22:54]} {[%emt 00:00:03]}
b5 {[%clk 00:47:53]} {[%emt 00:02:24]} 29. b3 {[%clk 01:23:13]} {[%emt
00:00:11]} a5 {[%clk 00:46:37]} {[%emt 00:01:46]} 30. a3 {[%clk 01:23:24]}
{[%emt 00:00:19]} b4 {[%clk 00:46:33]} {[%emt 00:00:34]} 31. axb4 {[%clk
01:23:25]} {[%emt 00:00:28]} axb4 {[%clk 00:46:40]} {[%emt 00:00:24]} 32. Kd3
{[%clk 01:22:38]} {[%emt 00:01:16]} Kd5 {[%clk 00:46:36]} {[%emt 00:00:35]} 33.
Ke3 {[%clk 01:22:31]} {[%emt 00:00:37]} h5 {[%clk 00:45:57]} {[%emt 00:01:09]}
34. Kf3 {[%clk 01:15:56]} {[%emt 00:07:04]} g4+ {[%clk 00:44:54]} {[%emt
00:01:34]} 35. hxg4 {[%clk 01:16:21]} {[%emt 00:00:05]} hxg4+ {[%clk 00:45:22]}
{[%emt 00:00:02]} 36. Kxg4 {[%clk 01:16:40]} {[%emt 00:00:10]} Kd4 {[%clk
00:45:45]} {[%emt 00:00:09]} 37. Kf3 {[%clk 01:17:02]} {[%emt 00:00:07]} Kc3
{[%clk 00:46:07]} {[%emt 00:00:08]} 38. Ke2 {[%clk 01:17:25]} {[%emt 00:00:07]}
Kxc2 {[%clk 00:46:29]} {[%emt 00:00:08]} 39. Ke1 {[%clk 01:17:48]} {[%emt
00:00:06]} Kxb3 {[%clk 00:46:47]} {[%emt 00:00:13]} 40. Kd1 {[%clk 01:18:14]}
{[%emt 00:00:04]} Ka2 {[%clk 00:47:07]} {[%emt 00:00:10]} 41. Kc2 {[%clk
01:17:43]} {[%emt 00:01:01]} b3 {[%clk 00:47:27]} {[%emt 00:00:10]} 42. Kc3
{[%clk 01:18:10]} {[%emt 00:00:02]} b2 {[%clk 00:47:52]} {[%emt 00:00:05]} 43.
Kc4 {[%clk 01:18:39]} {[%emt 00:00:02]} b1=Q {[%clk 00:48:12]} {[%emt
00:00:10]} 44. Kxc5 {[%clk 01:19:05]} {[%emt 00:00:04]} Qd3 {[%clk 00:48:32]}
{[%emt 00:00:10]} 45. Kc6 {[%clk 01:19:29]} {[%emt 00:00:05]} Qd4 {[%clk
00:48:45]} {[%emt 00:00:17]} 46. Kb7 {[%clk 01:19:51]} {[%emt 00:00:08]} Qd6
{[%clk 00:48:57]} {[%emt 00:00:19]} 47. Ka8 {[%clk 01:20:14]} {[%emt 00:00:07]}
Qd7 {[%clk 00:49:20]} {[%emt 00:00:06]} 48. Kb8 {[%clk 01:20:39]} {[%emt
00:00:06]} Kb3 {[%clk 00:49:44]} {[%emt 00:00:07]} 49. Ka8 {[%clk 01:21:04]}
{[%emt 00:00:04]} Kb4 {[%clk 00:50:09]} {[%emt 00:00:05]} 50. Kb8 {[%clk
01:21:28]} {[%emt 00:00:06]} Kb5 {[%clk 00:50:33]} {[%emt 00:00:06]} 51. Ka8
{[%clk 01:21:44]} {[%emt 00:00:14]} Kb6 {[%clk 00:50:57]} {[%emt 00:00:06]} 52.
Kb8 {[%clk 01:20:56]} {[%emt 00:01:17]} Qb7# {[%clk 00:50:48]} {[%emt
00:00:08]} 0-1

[Event "ODJM B 2023"]
[Site "Willingen GER"]
[Date "2023.06.01"]
[Round "7"]
[White "Kauth, Lukas Michael"]
[Black "Christen, Jan"]
[Result "1-0"]
[Termination "normal"]
[Board "23"]
[WhiteElo "1315"]
[BlackElo "1598"]
[WhiteClock "00:45:17"]
[BlackClock "00:46:30"]
[PlyCount "57"]
[WhiteFideId "16272994"]
[BlackFideId "34643320"]
[EventCountry "GER"]
[EventRounds "9"]
[EventType "swiss"]
[EventDate "2023.05.27"]

1. d4 {[%clk 01:30:51]} {[%emt 00:00:08]} d5 {[%clk 01:30:52]} {[%emt
00:00:09]} 2. c4 {[%clk 01:30:50]} {[%emt 00:00:30]} c6 {[%clk 01:31:16]}
{[%emt 00:00:07]} 3. Nf3 {[%clk 01:31:16]} {[%emt 00:00:03]} Nf6 {[%clk
01:31:38]} {[%emt 00:00:08]} 4. Qc2 {[%clk 01:31:41]} {[%emt 00:00:06]} e6
{[%clk 01:31:27]} {[%emt 00:00:39]} 5. g3 {[%clk 01:30:09]} {[%emt 00:02:02]}
Bb4+ {[%clk 01:29:27]} {[%emt 00:02:30]} 6. Bd2 {[%clk 01:29:50]} {[%emt
00:00:50]} Be7 {[%clk 01:29:25]} {[%emt 00:00:31]} 7. Bg2 {[%clk 01:29:31]}
{[%emt 00:00:49]} Nbd7 {[%clk 01:29:10]} {[%emt 00:00:45]} 8. Na3 {[%clk
01:28:47]} {[%emt 00:01:15]} Bxa3 {[%clk 01:27:12]} {[%emt 00:02:28]} 9. bxa3
{[%clk 01:29:08]} {[%emt 00:00:10]} O-O {[%clk 01:27:36]} {[%emt 00:00:06]} 10.
O-O {[%clk 01:28:59]} {[%emt 00:00:38]} b6 {[%clk 01:26:33]} {[%emt 00:01:34]}
11. cxd5 {[%clk 01:28:08]} {[%emt 00:01:20]} cxd5 {[%clk 01:26:28]} {[%emt
00:00:36]} 12. Bb4 {[%clk 01:27:59]} {[%emt 00:00:38]} Re8 {[%clk 01:26:22]}
{[%emt 00:00:36]} 13. a4 {[%clk 01:27:01]} {[%emt 00:01:27]} Bb7 {[%clk
01:14:47]} {[%emt 00:12:05]} 14. Qb2 {[%clk 01:22:13]} {[%emt 00:05:19]} Ne4
{[%clk 01:10:55]} {[%emt 00:04:22]} 15. Rfd1 {[%clk 01:20:17]} {[%emt
00:02:25]} Ndf6 {[%clk 01:08:14]} {[%emt 00:03:11]} 16. Ne5 {[%clk 01:18:25]}
{[%emt 00:02:20]} Rc8 {[%clk 01:05:44]} {[%emt 00:03:01]} 17. Rac1 {[%clk
01:16:37]} {[%emt 00:02:19]} Rxc1 {[%clk 00:52:54]} {[%emt 00:13:21]} 18. Rxc1
{[%clk 01:16:24]} {[%emt 00:00:43]} Nd7 {[%clk 00:52:39]} {[%emt 00:00:45]} 19.
e3 {[%clk 00:54:52]} {[%emt 00:22:02]} Nxe5 {[%clk 00:52:04]} {[%emt 00:01:05]}
20. dxe5 {[%clk 00:55:08]} {[%emt 00:00:14]} Qd7 {[%clk 00:49:55]} {[%emt
00:02:37]} 21. f3 {[%clk 00:47:08]} {[%emt 00:08:33]} Nc5 {[%clk 00:49:13]}
{[%emt 00:01:11]} 22. Bxc5 {[%clk 00:47:19]} {[%emt 00:00:20]} bxc5 {[%clk
00:49:40]} {[%emt 00:00:02]} 23. Rxc5 {[%clk 00:47:40]} {[%emt 00:00:08]} Qxa4
{[%clk 00:49:40]} {[%emt 00:00:29]} 24. Qxb7 {[%clk 00:47:30]} {[%emt
00:00:42]} Qd1+ {[%clk 00:49:57]} {[%emt 00:00:12]} 25. Bf1 {[%clk 00:47:47]}
{[%emt 00:00:14]} Qxf3 {[%clk 00:49:57]} {[%emt 00:00:29]} 26. Rc2 {[%clk
00:46:52]} {[%emt 00:01:25]} Qxe3+ {[%clk 00:48:08]} {[%emt 00:02:20]} 27. Rf2
{[%clk 00:47:12]} {[%emt 00:00:11]} Qxe5 {[%clk 00:46:30]} {[%emt 00:02:07]}
28. Qxf7+ {[%clk 00:45:17]} {[%emt 00:02:25]} Rf8 {[%emt 00:00:15]} 29. Qb7
{[%emt 00:00:04]} 1-0

[Event "ODJM B 2023"]
[Site "Willingen GER"]
[Date "2023.06.01"]
[Round "7"]
[White "Borgert, Alexander"]
[Black "Strohschän, Michel"]
[Result "1/2-1/2"]
[Termination "normal"]
[Board "24"]
[WhiteElo "1516"]
[BlackElo "1718"]
[WhiteClock "01:11:34"]
[BlackClock "00:53:28"]
[PlyCount "51"]
[WhiteFideId "16289188"]
[BlackFideId "34630465"]
[EventCountry "GER"]
[EventRounds "9"]
[EventType "swiss"]
[EventDate "2023.05.27"]

1. d4 {[%clk 01:30:58]} {[%emt 00:00:02]} c6 {[%clk 01:30:51]} {[%emt
00:00:09]} 2. c4 {[%clk 01:31:22]} {[%emt 00:00:05]} d5 {[%clk 01:31:20]}
{[%emt 00:00:02]} 3. cxd5 {[%clk 01:31:46]} {[%emt 00:00:06]} cxd5 {[%clk
01:31:47]} {[%emt 00:00:03]} 4. Nc3 {[%clk 01:32:07]} {[%emt 00:00:09]} Nf6
{[%clk 01:31:57]} {[%emt 00:00:20]} 5. Nf3 {[%clk 01:32:30]} {[%emt 00:00:07]}
Nc6 {[%clk 01:32:15]} {[%emt 00:00:12]} 6. Bf4 {[%clk 01:32:36]} {[%emt
00:00:24]} a6 {[%clk 01:32:13]} {[%emt 00:00:32]} 7. a3 {[%clk 01:32:57]}
{[%emt 00:00:10]} Bg4 {[%clk 01:30:14]} {[%emt 00:02:28]} 8. e3 {[%clk
01:32:59]} {[%emt 00:00:27]} e6 {[%clk 01:30:16]} {[%emt 00:00:29]} 9. Be2
{[%clk 01:33:18]} {[%emt 00:00:10]} Bd6 {[%clk 01:29:00]} {[%emt 00:01:46]} 10.
Bg3 {[%clk 01:33:30]} {[%emt 00:00:17]} Rc8 {[%clk 01:27:24]} {[%emt 00:02:08]}
11. Rc1 {[%clk 01:33:10]} {[%emt 00:00:51]} O-O {[%clk 01:26:32]} {[%emt
00:01:21]} 12. O-O {[%clk 01:33:29]} {[%emt 00:00:11]} Bxg3 {[%clk 01:26:38]}
{[%emt 00:00:25]} 13. hxg3 {[%clk 01:33:49]} {[%emt 00:00:10]} Na5 {[%clk
01:25:47]} {[%emt 00:01:20]} 14. Nd2 {[%clk 01:33:30]} {[%emt 00:00:48]} Bf5
{[%clk 01:24:54]} {[%emt 00:01:24]} 15. Na4 {[%clk 01:28:47]} {[%emt 00:05:14]}
Nd7 {[%clk 01:19:47]} {[%emt 00:05:35]} 16. b4 {[%clk 01:28:01]} {[%emt
00:01:18]} Nc6 {[%clk 01:19:35]} {[%emt 00:00:41]} 17. Nb3 {[%clk 01:25:46]}
{[%emt 00:02:44]} Nf6 {[%clk 01:09:42]} {[%emt 00:10:23]} 18. Nac5 {[%clk
01:24:26]} {[%emt 00:01:50]} Qe7 {[%clk 01:09:49]} {[%emt 00:00:23]} 19. Bd3
{[%clk 01:24:16]} {[%emt 00:00:39]} Bxd3 {[%clk 01:06:44]} {[%emt 00:03:37]}
20. Nxd3 {[%clk 01:24:30]} {[%emt 00:00:16]} b6 {[%clk 01:04:21]} {[%emt
00:02:52]} 21. Nd2 {[%clk 01:22:33]} {[%emt 00:02:27]} Rc7 {[%clk 00:59:44]}
{[%emt 00:05:08]} 22. Qa4 {[%clk 01:22:20]} {[%emt 00:00:42]} Nb8 {[%clk
00:56:54]} {[%emt 00:03:20]} 23. Rxc7 {[%clk 01:21:49]} {[%emt 00:01:02]} Qxc7
{[%clk 00:57:23]} {[%emt 00:00:02]} 24. Rc1 {[%clk 01:22:04]} {[%emt 00:00:12]}
Qb7 {[%clk 00:57:31]} {[%emt 00:00:25]} 25. Qc2 {[%clk 01:21:10]} {[%emt
00:01:21]} Ne8 {[%clk 00:53:28]} {[%emt 00:04:34]} 26. a4 {[%clk 01:11:34]}
{[%emt 00:10:06]} 1/2-1/2

[Event "ODJM B 2023"]
[Site "Willingen GER"]
[Date "2023.06.01"]
[Round "7"]
[White "Sitnik, Arthur"]
[Black "Hornstein, Leonhard Orell"]
[Result "1-0"]
[Termination "normal"]
[Board "25"]
[WhiteElo "1267"]
[BlackElo "1476"]
[WhiteClock "00:02:34"]
[BlackClock "00:36:37"]
[PlyCount "47"]
[WhiteFideId "34608150"]
[BlackFideId "16254643"]
[EventCountry "GER"]
[EventRounds "9"]
[EventType "swiss"]
[EventDate "2023.05.27"]

1. e4 {[%clk 01:30:55]} {[%emt 00:00:04]} e6 {[%clk 01:30:58]} {[%emt
00:00:03]} 2. d4 {[%clk 01:31:16]} {[%emt 00:00:08]} d5 {[%clk 01:31:26]}
{[%emt 00:00:04]} 3. exd5 {[%clk 01:31:39]} {[%emt 00:00:07]} exd5 {[%clk
01:31:52]} {[%emt 00:00:04]} 4. Nf3 {[%clk 01:31:53]} {[%emt 00:00:14]} Bd6
{[%clk 01:32:09]} {[%emt 00:00:14]} 5. Bd3 {[%clk 01:32:09]} {[%emt 00:00:14]}
Nf6 {[%clk 01:32:18]} {[%emt 00:00:20]} 6. h3 {[%clk 01:30:56]} {[%emt
00:01:43]} O-O {[%clk 01:32:27]} {[%emt 00:00:22]} 7. O-O {[%clk 01:30:55]}
{[%emt 00:00:30]} c6 {[%clk 01:31:25]} {[%emt 00:01:33]} 8. Bg5 {[%clk
01:19:36]} {[%emt 00:11:48]} h6 {[%clk 01:31:33]} {[%emt 00:00:23]} 9. Bh4
{[%clk 01:18:42]} {[%emt 00:01:23]} Be6 {[%clk 01:28:34]} {[%emt 00:03:30]} 10.
Ne5 {[%clk 01:06:10]} {[%emt 00:13:01]} Nbd7 {[%clk 01:27:59]} {[%emt
00:01:06]} 11. f4 {[%clk 01:02:09]} {[%emt 00:04:30]} Qb6 {[%clk 01:27:33]}
{[%emt 00:00:57]} 12. Nxd7 {[%clk 00:40:42]} {[%emt 00:21:57]} Nxd7 {[%clk
01:16:17]} {[%emt 00:11:46]} 13. Nc3 {[%clk 00:22:50]} {[%emt 00:18:22]} Nb8
{[%clk 01:07:40]} {[%emt 00:09:07]} 14. Rb1 {[%clk 00:16:39]} {[%emt 00:06:40]}
Qxd4+ {[%clk 01:06:39]} {[%emt 00:01:32]} 15. Kh1 {[%clk 00:16:21]} {[%emt
00:00:48]} Qb6 {[%clk 01:06:30]} {[%emt 00:00:39]} 16. f5 {[%clk 00:14:05]}
{[%emt 00:02:45]} Bd7 {[%clk 01:02:35]} {[%emt 00:04:25]} 17. f6 {[%clk
00:11:10]} {[%emt 00:03:25]} g6 {[%clk 00:54:29]} {[%emt 00:08:36]} 18. Qd2
{[%clk 00:06:36]} {[%emt 00:05:04]} Kh7 {[%clk 00:53:22]} {[%emt 00:01:38]} 19.
Bf2 {[%clk 00:04:28]} {[%emt 00:02:38]} Bc5 {[%clk 00:42:06]} {[%emt 00:11:46]}
20. Na4 {[%clk 00:04:04]} {[%emt 00:00:53]} Qb4 {[%clk 00:42:27]} {[%emt
00:00:09]} 21. c3 {[%clk 00:03:56]} {[%emt 00:00:39]} Qxa4 {[%clk 00:42:32]}
{[%emt 00:00:25]} 22. Bxc5 {[%clk 00:04:13]} {[%emt 00:00:12]} Re8 {[%clk
00:42:12]} {[%emt 00:00:51]} 23. Rf4 {[%clk 00:02:57]} {[%emt 00:01:46]} Qa5
{[%clk 00:36:37]} {[%emt 00:06:05]} 24. Rh4 {[%clk 00:02:34]} {[%emt 00:00:52]}
1-0

[Event "ODJM B 2023"]
[Site "Willingen GER"]
[Date "2023.06.01"]
[Round "7"]
[White "Fettig, Michel"]
[Black "Wilmink, Luca"]
[Result "1/2-1/2"]
[Termination "normal"]
[Board "26"]
[WhiteElo "1457"]
[BlackElo "1530"]
[WhiteClock "00:46:50"]
[BlackClock "00:06:23"]
[PlyCount "80"]
[WhiteFideId "34608982"]
[BlackFideId "16245253"]
[EventCountry "GER"]
[EventRounds "9"]
[EventType "swiss"]
[EventDate "2023.05.27"]

1. c4 {[%clk 01:30:38]} {[%emt 00:00:22]} c5 {[%clk 01:30:40]} {[%emt
00:00:20]} 2. g3 {[%clk 01:30:46]} {[%emt 00:00:21]} Nc6 {[%clk 01:29:58]}
{[%emt 00:01:13]} 3. Bg2 {[%clk 01:29:56]} {[%emt 00:01:19]} g6 {[%clk
01:29:00]} {[%emt 00:01:28]} 4. d3 {[%clk 01:30:01]} {[%emt 00:00:25]} Bg7
{[%clk 01:28:49]} {[%emt 00:00:41]} 5. e4 {[%clk 01:29:40]} {[%emt 00:00:51]}
d6 {[%clk 01:27:20]} {[%emt 00:02:00]} 6. Ne2 {[%clk 01:29:12]} {[%emt
00:00:58]} Bd7 {[%clk 01:23:32]} {[%emt 00:04:19]} 7. O-O {[%clk 01:28:20]}
{[%emt 00:01:21]} Nf6 {[%clk 01:22:31]} {[%emt 00:01:32]} 8. Nbc3 {[%clk
01:28:06]} {[%emt 00:00:43]} O-O {[%clk 01:22:08]} {[%emt 00:00:53]} 9. h3
{[%clk 01:25:14]} {[%emt 00:03:22]} Qc8 {[%clk 01:17:35]} {[%emt 00:05:04]} 10.
Kh2 {[%clk 01:24:07]} {[%emt 00:01:35]} a6 {[%clk 01:06:13]} {[%emt 00:11:53]}
11. Nd5 {[%clk 01:15:28]} {[%emt 00:09:09]} Nxd5 {[%clk 01:02:31]} {[%emt
00:04:12]} 12. exd5 {[%clk 01:15:15]} {[%emt 00:00:42]} Nd4 {[%clk 01:02:42]}
{[%emt 00:00:21]} 13. Rb1 {[%clk 01:11:53]} {[%emt 00:03:50]} b5 {[%clk
01:00:56]} {[%emt 00:02:16]} 14. b3 {[%clk 01:11:04]} {[%emt 00:01:19]} bxc4
{[%clk 00:52:52]} {[%emt 00:08:34]} 15. dxc4 {[%clk 01:07:26]} {[%emt
00:04:09]} Nxe2 {[%clk 00:52:57]} {[%emt 00:00:25]} 16. Qxe2 {[%clk 01:07:30]}
{[%emt 00:00:25]} Bf5 {[%clk 00:53:10]} {[%emt 00:00:17]} 17. Be4 {[%clk
01:06:55]} {[%emt 00:01:06]} Bxh3 {[%clk 00:53:29]} {[%emt 00:00:10]} 18. Re1
{[%clk 01:06:31]} {[%emt 00:00:39]} Bf5 {[%clk 00:47:14]} {[%emt 00:06:59]} 19.
Bb2 {[%clk 01:05:10]} {[%emt 00:01:51]} Re8 {[%clk 00:44:57]} {[%emt 00:02:49]}
20. Bxg7 {[%clk 01:05:19]} {[%emt 00:00:21]} Kxg7 {[%clk 00:45:02]} {[%emt
00:00:26]} 21. Qb2+ {[%clk 01:04:31]} {[%emt 00:01:18]} Kg8 {[%clk 00:44:45]}
{[%emt 00:00:46]} 22. Qe2 {[%clk 01:04:16]} {[%emt 00:00:44]} e5 {[%clk
00:44:34]} {[%emt 00:00:41]} 23. dxe6 {[%clk 01:00:26]} {[%emt 00:04:21]} Rxe6
{[%clk 00:44:08]} {[%emt 00:00:56]} 24. Bxf5 {[%clk 01:00:33]} {[%emt
00:00:23]} Rxe2 {[%clk 00:39:11]} {[%emt 00:05:28]} 25. Bxc8 {[%clk 01:00:45]}
{[%emt 00:00:17]} Rxe1 {[%clk 00:39:34]} {[%emt 00:00:07]} 26. Rxe1 {[%clk
01:00:51]} {[%emt 00:00:24]} Rxc8 {[%clk 00:39:59]} {[%emt 00:00:05]} 27. Re7
{[%clk 01:01:11]} {[%emt 00:00:10]} Kg7 {[%clk 00:39:58]} {[%emt 00:00:32]} 28.
Kg2 {[%clk 01:01:03]} {[%emt 00:00:36]} Kf6 {[%clk 00:40:18]} {[%emt 00:00:11]}
29. Ra7 {[%clk 01:01:21]} {[%emt 00:00:11]} Rc6 {[%clk 00:40:40]} {[%emt
00:00:08]} 30. Kf3 {[%clk 01:01:41]} {[%emt 00:00:11]} h5 {[%clk 00:40:28]}
{[%emt 00:00:42]} 31. Kg2 {[%clk 00:58:21]} {[%emt 00:03:49]} Ke6 {[%clk
00:37:26]} {[%emt 00:03:33]} 32. f4 {[%clk 00:56:42]} {[%emt 00:02:08]} f6
{[%clk 00:37:41]} {[%emt 00:00:15]} 33. Kf3 {[%clk 00:56:11]} {[%emt 00:01:01]}
d5 {[%clk 00:36:25]} {[%emt 00:01:47]} 34. Rg7 {[%clk 00:52:39]} {[%emt
00:04:02]} dxc4 {[%clk 00:34:43]} {[%emt 00:02:12]} 35. bxc4 {[%clk 00:51:44]}
{[%emt 00:01:25]} Kf5 {[%clk 00:34:52]} {[%emt 00:00:21]} 36. Rd7 {[%clk
00:52:04]} {[%emt 00:00:10]} g5 {[%clk 00:34:17]} {[%emt 00:01:06]} 37. Rd5+
{[%clk 00:51:43]} {[%emt 00:00:50]} Kg6 {[%clk 00:34:27]} {[%emt 00:00:20]} 38.
a4 {[%clk 00:51:03]} {[%emt 00:01:10]} gxf4 {[%clk 00:13:05]} {[%emt 00:21:52]}
39. Kxf4 {[%clk 00:48:52]} {[%emt 00:02:41]} Rc7 {[%clk 00:11:24]} {[%emt
00:02:11]} 40. a5 {[%clk 00:46:50]} {[%emt 00:02:32]} Rc6 {[%clk 00:06:23]}
{[%emt 00:05:31]} 1/2-1/2

[Event "ODJM B 2023"]
[Site "Willingen GER"]
[Date "2023.06.01"]
[Round "7"]
[White "Borgmann, Simon"]
[Black "Direk, Oguzhan"]
[Result "1/2-1/2"]
[Termination "normal"]
[Board "27"]
[WhiteElo "1543"]
[BlackElo "1553"]
[WhiteClock "00:42:55"]
[BlackClock "01:10:19"]
[PlyCount "41"]
[WhiteFideId "16234677"]
[BlackFideId "16294343"]
[EventCountry "GER"]
[EventRounds "9"]
[EventType "swiss"]
[EventDate "2023.05.27"]

1. d4 {[%clk 01:30:41]} {[%emt 00:00:18]} d5 {[%clk 01:30:59]} {[%emt
00:00:02]} 2. Nf3 {[%clk 01:31:02]} {[%emt 00:00:09]} e6 {[%clk 01:31:16]}
{[%emt 00:00:13]} 3. e3 {[%clk 01:31:20]} {[%emt 00:00:12]} f5 {[%clk
01:31:26]} {[%emt 00:00:20]} 4. c4 {[%clk 01:25:16]} {[%emt 00:06:34]} c6
{[%clk 01:29:31]} {[%emt 00:02:25]} 5. Nc3 {[%clk 01:22:30]} {[%emt 00:03:15]}
Nf6 {[%clk 01:29:41]} {[%emt 00:00:20]} 6. Be2 {[%clk 01:16:48]} {[%emt
00:06:12]} Bd6 {[%clk 01:29:39]} {[%emt 00:00:32]} 7. Ne5 {[%clk 01:05:37]}
{[%emt 00:11:42]} O-O {[%clk 01:26:12]} {[%emt 00:03:56]} 8. O-O {[%clk
01:00:56]} {[%emt 00:05:10]} Nbd7 {[%clk 01:24:30]} {[%emt 00:02:13]} 9. f4
{[%clk 01:01:20]} {[%emt 00:00:07]} Ne4 {[%clk 01:23:31]} {[%emt 00:01:29]} 10.
Nxe4 {[%clk 00:50:49]} {[%emt 00:11:00]} fxe4 {[%clk 01:22:44]} {[%emt
00:01:17]} 11. c5 {[%clk 00:48:10]} {[%emt 00:03:09]} Be7 {[%clk 01:20:13]}
{[%emt 00:03:01]} 12. Bd2 {[%clk 00:46:40]} {[%emt 00:02:00]} Nxe5 {[%clk
01:18:01]} {[%emt 00:02:42]} 13. fxe5 {[%clk 00:46:59]} {[%emt 00:00:11]} Bd7
{[%clk 01:17:38]} {[%emt 00:00:53]} 14. Rxf8+ {[%clk 00:46:38]} {[%emt
00:00:51]} Kxf8 {[%clk 01:16:49]} {[%emt 00:01:19]} 15. Bg4 {[%clk 00:43:26]}
{[%emt 00:03:42]} Bg5 {[%clk 01:13:41]} {[%emt 00:03:39]} 16. Qe2 {[%clk
00:43:00]} {[%emt 00:00:56]} Qe7 {[%clk 01:13:04]} {[%emt 00:01:07]} 17. Rf1+
{[%clk 00:43:07]} {[%emt 00:00:22]} Kg8 {[%clk 01:13:11]} {[%emt 00:00:23]} 18.
Bh3 {[%clk 00:41:43]} {[%emt 00:01:54]} Rf8 {[%clk 01:10:31]} {[%emt 00:03:09]}
19. Rxf8+ {[%clk 00:42:08]} {[%emt 00:00:07]} Qxf8 {[%clk 01:10:36]} {[%emt
00:00:24]} 20. Qf2 {[%clk 00:42:30]} {[%emt 00:00:07]} Qxf2+ {[%clk 01:10:19]}
{[%emt 00:00:48]} 21. Kxf2 {[%clk 00:42:55]} {[%emt 00:00:05]} 1/2-1/2